=LDR 00000nam 2200000 4500 =001 INLIS000000000001758 =005 20130612090142 =008 ***********************************Ind** =035 ##$$0010-061300000001758 =041 ##$$a Ind =082 ##$$a 530.7 =090 ##$$a 530.7, Sea f =100 ##$$a Sears,F.W =245 ##$$a Fisika untuk universitas, penyelesaian soal-soal, F.W.Sears =260 ##$$a 1987 $b Bandung =300 ##$$a 427 hlm, ilus, 20 cm =650 ##$$a Fisika-Studi dan Pengajaran =850 ##$$a NBPNMAT =990 ##$$a dw99004402 =990 ##$$a 00056535 =990 ##$$a 00056534